Statistics for Countries Weezer has Visited

Click here to take the quiz!

General Stats

  • This quiz has been taken 20 times
  • The average score is 24 of 29

Answer Stats

ContinentCountry% Correct
OceaniaAustralia
100%
North AmericaCanada
93%
EuropeFrance
93%
EuropeItaly
93%
OceaniaNew Zealand
93%
EuropeSpain
93%
EuropeSweden
93%
EuropeSwitzerland
93%
EuropeUnited Kingdom
93%
North AmericaUnited States of America
93%
EuropeAustria
86%
South AmericaBrazil
86%
South AmericaChile
86%
South AmericaColombia
86%
EuropeGermany
86%
EuropeIreland
86%
AsiaJapan
86%
North AmericaMexico
86%
EuropeNorway
86%
South AmericaPeru
86%
EuropeBelgium
79%
EuropeDenmark
79%
AsiaIndonesia
79%
EuropeNetherlands
71%
AsiaSingapore
71%
AsiaSouth Korea
71%
North AmericaBahamas
64%
North AmericaCosta Rica
64%
EurppeCzech Republic
64%

Score Distribution

Percentile by Number Answered

Percent of People with Each Score

Your Score History

You have not taken this quiz